Vox Graeca : a guide to the pronunciation of classical Greek /

Bibliographic Details
Main Author: Allen, W. Sidney (William Sidney), 1918-
Format: Book
Language:English
Published: Cambridge [Cambridgeshire] ; New York : Cambridge University Press, 1987.
Edition:3rd ed.
Subjects:

MARC

Tag First Indicator Second Indicator Subfields
LEADER 00000cam a2200000 a 4500
001 in00000029858
005 20151007054811.0
008 861118s1987 enkaf b 00110 eng
010 |a  86031063  
020 |a 0521333679 
020 |a 0521335558 (pbk.) 
035 |a (OCoLC)14933517 
035 |9 AAB6252AM 
040 |a DLC  |c DLC  |d TXA  |d UtOrBLW 
049 |a TXAM  |c [A11503416] 
050 0 0 |a PA267  |b .A4 1987 
082 0 |a 481/.52  |2 19 
100 1 |a Allen, W. Sidney  |q (William Sidney),  |d 1918- 
245 1 0 |a Vox Graeca :  |b a guide to the pronunciation of classical Greek /  |c by W. Sidney Allen. 
250 |a 3rd ed. 
264 1 |a Cambridge [Cambridgeshire] ;  |a New York :  |b Cambridge University Press,  |c 1987. 
300 |a xx, 179 pages, 1 unnumbered leaf of plates :  |b illustrations ;  |c 23 cm. 
336 |a text  |b txt  |2 rdacontent 
337 |a unmediated  |b n  |2 rdamedia 
338 |a volume  |b nc  |2 rdacarrier 
504 |a Bibliography: pages 175-176. 
500 |a Includes index. 
650 0 |a Greek language  |x Pronunciation. 
999 |a MARS 
999 f f |s 3cebc516-50b2-366d-b2fc-873cd7ccb7c5  |i da7db49a-7f92-3835-a607-d32ee1398cad  |t 0 
952 f f |p normal  |a Texas A&M University  |b College Station  |c Sterling C. Evans Library  |d Evans: Library Stacks  |t 0  |e PA267 .A4 1987  |h Library of Congress classification  |i unmediated -- volume  |m A14811503416 
998 f f |a PA267 .A4 1987  |t 0  |l Evans: Library Stacks